000 00777nas a2200241 4500
001 BR2012009307
003 BR-BrBNA
005 20231205121554.0
007 ta
008 230509b bl.|||p| |||| 00| 00por d
040 _aBR-BrBNA
_bpor
_cBiblioteca Nacional de Agricultura
041 _a(Pt)
072 _aF01
100 1 _aRoman, A.L.C.
100 1 _aSantos, J.U.M. dos
245 1 _aA importância das plantas medicinais para a comunidade pesqueira de Algodoal
650 _aPLANTA MEDICINAL
650 _aRESTINGA
650 _aETNOBOTÂNICA
773 0 _tBoletim do Museu Paraense Emílio Goeldi. Ciências Naturais (Brazil)
_xISSN 1981-8114
_g(Jan-Apr 2006), v. 1(1) p. 69-80
_wBR2012009307
909 _a202311
_bLúcia
_c55
_dLúcia Elande
942 _2AGRIS
_n0
_cANA
999 _c224183
_d224183